00279nam a22001217a 4500020001800000040000900018082001500027100002200042245002000064250001700084260003600101650002000137 a9780070628863 cNust a536.7bWAR aKenneth Wark, Jr  aThermodynamics  a5th Edition  aNew York:bMcGraw Hill,c1988. aThermodynamics